000 00647nam a2200229 a 4500
001 82621
003 BD-RjUL
005 20240115152120.0
008 240115s19551947enk||||| |||| 00| 0 eng d
035 _a(BD-RjUL)82621
040 _aBD-RjUL
_beng
_cBD-RjUL
041 _aeng
082 _223
_a823.912
_bGRG 1955
100 _aGreene, Graham
_910836
245 _aA gun for sale :
_ban entertainment /
_cGraham Greene
250 _aUniform ed.
260 _aLondon :
_bWilliam Heinemann Ltd.,
_c1947, [reprinted 1955]
300 _a242 p.;
_c17 cm.
650 _aMurder for hire
_910843
650 _aSuspense fiction
_910844
942 _2ddc
_cBK
999 _c82621
_d82621